| 000 | 01062nmm a2200313 a 4500 | ||
|---|---|---|---|
| 001 | ocm0002146289 | ||
| 003 | TR-IsHL | ||
| 005 | 20201028182515.0 | ||
| 008 | 190203s2015 tu tur | ||
| 007 | cr cn | ||
| 020 | _a9786051511566 | ||
| 035 |
_a2146289 _b(N$T) |
||
| 050 | 0 | 4 |
_aDR571 _b.G85 2015 |
| 090 | 0 | 4 |
_aDR571 _b.G85 2015 |
| 100 | 1 | _aGüldür, Yusuf | |
| 245 | 1 | 0 |
_aProjeler Sultanı Abdülhamid Han _h[electronic resource] / _cYusuf Güldür ; editör Erol Şahnacı |
| 260 |
_aİstanbul : _bHayat Yayınları, _c2015 |
||
| 300 | _a246 p. | ||
| 500 | _aKaynakça var. | ||
| 650 | 4 | _aTarih | |
| 650 | 4 | _aHistory | |
| 650 | 0 | _aAbdülhamid II, Osmanlı padişahı, 1842-1918 | |
| 650 | 0 | _aAbdulhamid II, Sultan of the Turks, 1842-1918 | |
| 650 | 0 |
_aAbdülhamid Han _x Projeler |
|
| 650 | 0 |
_aAbdul Hamid Khan _x Projects |
|
| 650 | 7 |
_aHISTORY / Middle East / Turkey & Ottoman Empire _2bisacsh |
|
| 700 | 1 | _aŞahnacı, Erol | |
| 856 | 4 | 0 | _uhttp://search.ebscohost.com/login.aspx?direct=true&scope=site&db=e011xww&AN=2146289 |
| 999 |
_c20102 _d20102 |
||